000 00787nam a2200265Ia 4500
003 OSt
005 20220918185138.0
006 a|||||r|||| 00| 0
007 ta
008 220917b |||||||| |||| 00| 0 eng d
024 _a49,854
037 _cTextual
040 _aARTS
_cARTS
_beng
041 _2eng
_aeng
082 _aP:75, M5
100 _aPaprotte Wolf ed
_968014
245 0 _aUbiquity of metaphor
_b metaphor in language and thought
260 _aAmsterdam
_bJohn Benjamins
_c1985
300 _axx,630p.
_ccm.
490 _aAmsterdam studies in the theory and history of linguistic science
650 _aLINGUISTICS
700 _a Dirven Rene ed
_966967
942 _hP:75, M5
_cTEXL
_2CC
999 _c179454
_d179454